[Event "72nd Oregon Open"]
[Site "Portland, OR"]
[Date "2022.09.04"]
[Round "4"]
[White "Baxter, Brent"]
[Black "Nicoski, Aaron"]
[Result "0-1"]
[WhiteElo "1800"]
[BlackElo "1794"]
[Annotator "Aaron Nicoski"]
[PlyCount "52"]
[EventDate "2022.09.03"]
[EventType "swiss"]
[EventRounds "6"]
[EventCountry "USA"]

{In round 4, I drew the toughest opponent in my section (in my opinion) but I
knew I had the upper hand in that he played 1.b3 openings. I even was talked
to James Nelson before the game who was sitting on the board right next to me.
I said before Brent came in the room, "I bet you he will play b3 on the first
move!" James chuckled because he knows the wild openings Brent plays.....and I
was well....half right! Lol} 1. Nf3 d5 2. b3 Bf5 {This is what I had prepared
in the few minutes I had after pairings were finalized. I was going to go with
what I know best so I played the Reverse London again just like in my game
that ended favorably just a few hours prior.} 3. Bb2 e6 4. g3 Nf6 5. Bg2 Be7 6.
d3 h6 {keeping the all important "London Bishop" alive which will prove vital
to the upcoming combinational sequence later on in the game...} 7. Nbd2 O-O 8.
O-O Nbd7 9. Re1 Bh7 {An anticipatory move because I know I will not be able to
prevent an easy e4 pawn break by White so I am buying a little time to figure
out my overall middle game plan. Plus, this threw Brent for a loop. He already
started thinking for quite a while before continuing with his plan of e4} 10.
e4 c6 11. e5 Ne8 12. Qe2 a5 {Without a White Knight on c3 it makes it easier
to play a5-a4 so it almost forces White's next move} 13. a4 b5 {I spent a good
amount of clock here debating on whether to delay b5 or not It was a long term
risk because I was removing the anchor of my pawn wedge against his light
squared Bishop especially when I knew Nd4 could be a possible move he could
play putting pressure on newly weakened c pawn} 14. Nd4 {[%cal Gd4c6,Gd4b5]
The exact move I predicted he would play} Qb6 $7 15. Qg4 {setting up a cheap
tactic if I play a normal looking move like pawn to b4} Nc7 {[%cal Gc7e6,Gc7b5]
defending both of my potential weak points and reconnecting my Rooks} (15... b4
$6 16. Nxe6 $5 {[%cal Ge6f8]} fxe6 17. Qxe6+ Rf7 18. Qxd7 Qxf2+ 19. Kh1 Qxd2
20. Qxc6 {[%cal Gc6d5,Gc6c2,Gc6a8]} Rf2 $2 21. Bxd5+ Kh8 22. Bg2 $16) 16. Kh1
$6 {[%csl Gf2,Gg4,Gd2,Gb2] A little hard to see why this is such a mistake
until you see my follow up combination so I will let the chess moves do some
of the talking but just look at all of his hanging pieces and weak squares! If
I could only get a Knight safely to the d3 square...hmmmm} bxa4 $3 17. Rxa4 (
17. bxa4 $4 Qxb2 $19) 17... Nc5 {The vital tempo I needed to get my Knight to
the beautiful d3 square!} 18. Raa1 $2 (18. Ra2 $7 a4 19. Rea1 axb3 20. N2xb3
Nxb3 21. Nxb3 Bxd3 $17) 18... Bxd3 $1 19. f4 (19. cxd3 Nxd3 20. Re2 Nxb2 $17)
19... Bxc2 $3 {Saying "Take my Bishop I dare you!" No actually I was removing
the final defender of the d3 square so my Knight can gallop right on in} 20.
Nxc2 Nd3 21. Bd4 c5 (21... Qxd4 22. Nxd4 Nf2+ 23. Kg1 Nxg4 24. h3 (24. Nxc6 $2
Bc5+ 25. Kf1 Ne3+ $17) 24... Bc5 25. N2f3 $13) 22. Bg1 Nxe1 {This is as far as
I could originally see but obviously great for Black so didn't hesitate on ...
16.bxa4!} 23. Rxe1 a4 $1 {Final uppercut...getting my Queen or Rook to the 7th
rank where his hanging pieces lie in wait to die} 24. bxa4 Qb2 25. Qd1 $7 Rxa4
26. Ne3 Ra2 {White resigns 0-1 Brent actually smiled as he resigned which I
never thought I would see in my life. He said "I completely missed Bxd3....had
your Bishop been on a6 or something, I probably would have seen the tactic but
your Bishop was hiding!" One of my personal all-time favorite games up until
now.} 0-1

[Event "72nd Oregon Open"]
[Site "Portland, OR"]
[Date "2022.09.05"]
[Round "6"]
[White "Nicoski, Aaron"]
[Black "Northrup, Sean"]
[Result "1-0"]
[WhiteElo "1794"]
[BlackElo "1864"]
[Annotator "Aaron Nicoski"]
[PlyCount "77"]
[EventDate "2022.09.03"]
[EventType "swiss"]
[EventRounds "6"]
[EventCountry "USA"]

{Final Round of the OR Open and my dream has come true! I am getting a chance
to play for 1st place. If I lose, I might be out of the running, the
tournament that has been my nemasis for over a decade. Let's see how the game
goes!} 1. d4 Nf6 2. Bf4 e6 3. e3 d5 4. Nd2 b6 5. Ngf3 {Delaying the
development of my light squared Bishop in case he plays Ba6 next move} Bb7 6.
Bd3 Nbd7 7. O-O Be7 8. Ne5 Nxe5 9. Bxe5 (9. dxe5 $6 Nd7 {now that I am castled
my attack is slowed down quite a bit}) 9... O-O 10. Qf3 {Preventing Ne4 and
getting my Queen prepared to go to the h3 square} Nd7 11. Bf4 c5 12. c3 Re8 13.
Qh3 g6 (13... Nf8 {I always like the Nf8 no mate theme personally}) 14. Nf3 Bf6
{Good move coming back to the f8-h6 diagonal and at the same time stopping Ne5
without me doubling my pawns and opening up his light squared Bishop down the
long diagonal} 15. Qg3 {I probably spent the most time surprisingly on this
move deciding how to play the middlegame. I decided to move my Queen off the
h-file, push my h-pawn, and play Ng5, f3, Kf2, and Rh1 when allowed.} Bg7 16.
h4 f6 {My opponent spent over 20 minutes on this move} (16... h5 17. Bxg6 fxg6
18. Qxg6 $16) 17. h5 gxh5 (17... g5 18. Nxg5 fxg5 19. Bxg5 Qb8 20. Bf4 $18 {
[%csl Gg7][%cal Gh5h6,Gf4b8]}) 18. Nh4 Qe7 19. f3 {just continuing with my
plan to bring my Rooks to the h-file} Kh8 $2 {Obviously my opponent did not
anticipate my next series of moves which gave me a HUGE piece superiority on
the Kingside where he was basically left with only 1 defender.} 20. Bg6 $3 Rec8
$7 (20... hxg6 $4 21. Nxg6+) (20... Red8 $4 21. Bd6) (20... Rf8 $2 21. Bd6) 21.
Bd6 Qd8 $7 22. Bxh5 f5 {[%cal Gd7f6] giving the f6 square for his pieces to
come back to the defense of the Kingside} 23. Kf2 Qf6 (23... Bf6 24. Rh1 Bxh4
25. Rxh4 $18) 24. Rh1 h6 25. Ng6+ Kh7 26. Be7 $1 Qf7 27. Nf8+ Rxf8 28. Bxf7
Rxf7 29. Bg5 Kg8 30. Rxh6 $1 (30. Bxh6 Kf8 31. Bxg7+ Rxg7 32. Rh8+ $2 Kf7)
30... cxd4 31. Rah1 dxc3 32. bxc3 Rc8 33. Rxe6 Rxc3 34. Re8+ Nf8 35. Qb8 $6 {
I was beginning to get into time trouble and made a good visually looking move
(for all that's worth) but brought my Queen away from the g-file and attack
the well defended Knight on f8} (35. Qh4 Rc2+ 36. Kg3 Be5+ 37. f4 $18) 35... d4
36. exd4 Bxd4+ 37. Kg3 Bc5 $4 38. Qe5 {[%csl Gh8,Gc3][%cal Ge5c3,Ge5h8]} f4+
39. Kg4 {Black Resigns 1-0} 1-0

[Event "72nd Oregon Open"]
[Site "Portland, OR"]
[Date "2022.09.03"]
[Round "1"]
[White "Murray, Dave"]
[Black "Raptis, Nick"]
[Result "1-0"]
[WhiteElo "1867"]
[BlackElo "2376"]
[Annotator "David Murray"]
[PlyCount "65"]
[EventDate "2022.09.03"]
[EventType "swiss"]
[EventRounds "6"]
[EventCountry "USA"]

{Before this round 1, I couldn't get through the crowd of players to look at
the pairing so I ducked into the playing room to set my bag down and wait. I
ended up near board one where "the Raptor" was sitting. "It's you and me,
huh?". *blink*. Later, a couple of players asked me how to achieve the result
I did, and I told them to play your best and try to make it a good game to
learn from afterward. They acted like that was obvious advice, but it wasn't
to me until recently. If you consider pairings like this to be the best
possible pairing because of the opportunity to learn, you will eventually
surprise yourself.} 1. d4 c5 2. d5 {I wasn't sure what "my stuff" was after 1.
... c5. There are lines where I play d4-d5 and others where I capture and hold
on to the pawn in sharp positions. I hoped to steer the game toward a familar
version of the former, and that is what happened.} Nf6 3. Nc3 {What follows is
memorized theory through 12. Be2. All hail spaced repeition!} g6 4. Nf3 Bg7 5.
e4 d6 6. Bb5+ Bd7 7. a4 O-O 8. Be2 {Weird move that says, "I have been
practicing GM repertoire lines". The idea is to make ... b7-b5 difficult, and
Black will have to move their piece on d7 soon so no time has been lost.} Bg4
9. O-O Nbd7 10. h3 Bxf3 11. Bxf3 a6 12. Be2 {Again, and with the same idea of
fighting against ... b5.} Ne8 {This is the end of the repertoire line. White
has a comfortable amount of space in the center and kingside, and Black is
going to continue to try for ... b5.} 13. Bf4 Rb8 14. Qd2 Nc7 15. Bh6 {I'm
never sure about this stock manuever since it doesn't show up much in the
repertoire lines. But if Black breaks through on the queenside, I don't want
their bishop on the long diagonal to contribute.} b5 16. axb5 {16. Bxg7 would
have been more accurate. In the game, Black had the option to play 16. ...
Bxh6.} axb5 17. Bxg7 Kxg7 18. f4 b4 19. Nd1 Nf6 20. Nf2 e6 {White's reply
seems forced, but I spotted a good follow-up.} 21. dxe6 Nxe6 22. Bc4 $1 {
When I ask people how this bishop contributes to the game, they usually point
to the potential attack on the f7 square. Actually, its main funtion is to
occupy the c4 square forever, freezing Black's pawn expansion.} Re8 {My first
instinct was to defend the twice-attacked e4 pawn with 23. Rfe1 or the
stranger-looking 23. Rae1. Since 23. Rae1 looked weird, I tried to talk myself
into playing it with, "If I play Rae1, I am saying that I will never play
Ra1-a6, and that's okay because..." and I couldn't finish the thought. Not
only do I not want to rule out Ra6, but Ra6 *right now* looks spicy.} 23. Ra6
d5 $1 {How many players in the Open section would play this move? It's the top
engine choice.} (23... Rb6 24. Rxb6 Qxb6 25. e5 dxe5 26. fxe5 Ng8 27. Ne4 $18 {
White is winning}) 24. exd5 Nd4 {I thought that 24. ... Nc7 was Black's idea,
but 24. ... Nd4 is again the best move. This is the critical moment of the
game.} 25. Re1 $1 {Black was about to play ... Ne4, and the rook on f1 was the
only piece not contributing. But can't Black win a pawn with ... Rxe1 and ...
Nxc2?} Rxe1+ $2 {25. ... Ra8 or 25. ... Nf5 were best, maintaining the tension.
} 26. Qxe1 Nxc2 $2 27. Qe5 $1 {The point of 25. Re1. I didn't see a definitive
knockout, but did see that this position would be awkward to defend for Black
and easy to play for White. Black's king can't move, and the queen can only
move to squares that defend f6. Ne4 is coming.} Rb6 28. Rxb6 Qxb6 29. Ne4 Nd4
30. Kf2 $3 {Many other moves were winning, but this was the best and the
flashiest. Black can do nothing to stop g2-g4 and g4-g5. I had originally
intended 30. d6, with ideas of pushing the d-pawn or playing Qe7 in some lines.
But ... Nc6 would be played, breaking the pin on f6 and covering the promotion
square. Looking for a better move, I saw the idea of g2-g4-g5 and almost
played 30. g4?? which would have allowed the game-ending 30. ... Nf3+. So 30.
Kf2 h5 and... (several thinking minutes later)... 31. g4 still wins!} Nb3 (
30... h5 31. g4 hxg4 32. hxg4 g5 33. Qxg5+ $18) 31. Nxf6 Nd2 32. Nd7+ f6 33.
Qe7+ 1-0

[Event "72nd Oregon Open"]
[Site "Portland, OR"]
[Date "2022.09.04"]
[Round "3"]
[White "Murray, Dave"]
[Black "Haessler, Carl"]
[Result "1/2-1/2"]
[WhiteElo "1867"]
[BlackElo "2200"]
[Annotator "David Murray"]
[PlyCount "109"]
[EventDate "2022.09.03"]
[EventType "swiss"]
[EventRounds "6"]
[EventCountry "USA"]

1. d4 d5 2. Nf3 Bf5 3. c4 e6 4. Nc3 c6 5. Qb3 Qb6 {Another line that I was
ready for from studying a course. We will play 6. c5, Black will capture on b3,
after axb3, b3-b4 will be our next move.} 6. c5 Qxb3 7. axb3 Na6 {... and cue
the 10-15 minute think. This wasn't in the course. (It actually wasn't when I
checked later).} 8. Bf4 {This was the best and most played move.} Nf6 {And
here White has an interesting and quite strong sacrificial idea. One of my
study partners suggested it as well.} 9. Kd2 {I was solely focused on
preventing ... Bc2 and/or ... Nb4.} (9. Rxa6 $1 bxa6 10. e3 g5 11. Be5 Bg7 12.
Bxa6 O-O 13. b4 $18 {White is clearly better}) 9... Ne4+ 10. Nxe4 dxe4 11. Nh4
{As is typical, when one side plays this thinking that they will pick up the
bishop pair without drama, they often find out otherwise.} Bg4 12. h3 Bh5 13.
g4 Be7 $1 14. Ng2 Bg6 15. Kc3 O-O 16. e3 Nb8 17. Bxb8 $6 {The ability to fight
for dark squares will be missed before long.} Rfxb8 18. Nf4 e5 19. dxe5 Bxc5
20. Nxg6 $6 {What were we saying about pieces that can fight for dark squares?}
hxg6 21. Bg2 Re8 22. Bxe4 Rxe5 23. Bg2 Be7 $1 24. Ra4 {Desperation.} b5 25. Re4
Rc5+ 26. Kd3 Bf6 27. Rd4 $5 {This is a ? move, but the idea is good in the 27.
b4 Rd8+ 28. Rd4 line below. I submit that White's chances to survive after ...
Rd8+ or ... Bxb2 would be minimal, so it's time for a "change the nature of
the position" type of move.} (27. b4 Rd8+ 28. Rd4 Bxd4 29. bxc5 Bxb2+ 30. Kc2
Ba3 31. Rd1 Rxd1 32. Kxd1 Bxc5 {and we would have had to forsee that this
ending is equal. I could imagine Carl withdrawing from the tournament with a
cryptic tweet if this had happened.}) 27... Bxd4 28. exd4 Rd8 29. Ra1 Rd6 30.
Be4 $1 {To cover c2 so that Ke3 is a threat to win the rook!} b4 31. Ke3 Rb5 {
Black might still be better, but it felt good to be forcing them to make only
moves and have to regroup slowly.} 32. Rxa7 {GM Yaroslav Zheurbukh calls a
pawn plus a bishop for a rook "a trade" and not the loss of an exchange (a
concept he will tell you is imaginary).} f5 33. Bg2 Rb8 34. Ra4 fxg4 $2 $11 {
The decisive mistake. Once White is allowed to play Be4 and f3, Black should
not be able to make progress.} 35. hxg4 Re8+ 36. Be4 $1 Rb8 37. Kd3 Kf7 38.
Ra7+ Kf8 39. Ra4 Rb7 40. f3 {An important move for the sequence to come.} Ke7
41. Kc4 Rbd7 42. Rxb4 Rxd4+ 43. Kc5 Rxb4 44. Kxb4 {If f3 were not played, 44. .
.. Rd4+ would end the game.} Rd6 45. Kc5 Kd7 46. b4 Kc7 47. b3 $1 {Before we
play b4-b5, we need to play this to keep one b-pawn. Otherwise, Black will
have the typical idea of sacrificing the exchange into a winning king and pawn
ending.} g5 48. b5 cxb5 49. Kxb5 Rb6+ 50. Kc4 Kd6 51. b4 Rb8 52. b5 Rb6 53. Kb4
Rb8 54. Kc4 Rb6 55. Kb4 $11 1/2-1/2

[Event "72nd Oregon Open"]
[Site "Portland, OR"]
[Date "2022.09.03"]
[Round "1"]
[White "Pupols, Viktors"]
[Black "Toppen-Ryan, Harrison"]
[Result "0-1"]
[WhiteElo "2200"]
[BlackElo "1818"]
[Annotator "Harrison Toppen-Ryan"]
[PlyCount "70"]
[EventDate "2022.09.03"]
[EventType "swiss"]
[EventRounds "6"]
[EventCountry "USA"]

1. d4 Nf6 2. c4 e6 3. Nc3 Bb4 4. Bd2 {A rare and a bit of a passive move. Not
the most ambitious try for white in the Nimzo.} Nc6 $6 {Inaccuracy. c5 was
best. The idea of this move is that black will block their c-pawn and play on
the dark squares with d6 and e5. This idea can also be used agisnt the
classical 4.Qc2 variation as well for black, called the Zurich variation of
the Nimzo.} (4... c5 5. Nf3 cxd4 6. Nxd4 O-O 7. e3 Nc6 8. Be2 d5 9. cxd5) 5.
Nf3 d6 6. e3 O-O 7. Bd3 e5 {Fighting for the dark sqaures.} 8. d5 Ne7 9. Qc2 c6
10. dxc6 bxc6 11. O-O Ng6 12. Ne4 $6 {A natural move, however, this allows
black to trade off the dark square bishops which is better than the usual
trading for the Knight of c3.} (12. Rfd1 {is the better option, developing the
rook and keeping some tention.}) 12... Bxd2 13. Nxf6+ Qxf6 14. Qxd2 Bg4 15. Ne1
Rfd8 16. f3 Bf5 17. Qc2 Bxd3 18. Nxd3 d5 19. c5 $6 $15 {I'm not too sure about
closing up the center for white, as now black can have good play in the center
after black expands on the queenside with:} a5 20. b3 Ne7 $6 {Inaccuracy. h5
was best. A fluke, and once again a bit too passive here. It was better to
just start an attack and go all out belligerent with:} (20... h5 21. Rae1 Ra7
22. Kh1 Rad7 23. Qd2 d4 24. e4 Nf4 25. Nxf4 Qxf4 26. Qxf4 exf4 27. Rd1) 21. Qb2
d4 22. e4 $13 {Still fairly equal. Both sides are just shuffling their pieces
and pawns at the moment.} Ng6 23. g3 Qg5 24. Rad1 h5 $5 {I felt a storm
brewing at this point. Not as strong as before, but still looking just as
scary for white.} 25. Qd2 Qe7 {When going for the attack, DO NOT TRADE unless
if you have a direct win afterward. Keeping the queens on black still has
better chances for something in the future despite the fish saying that this
position is equal.} (25... Qxd2 $6 26. Rxd2 f6 27. Rc2 Rab8 28. h4 $10) 26. Rc1
Qe6 27. Rc4 f5 $2 {Mistake. a4 was best. Regretfully, I underestimated Qg5!
for white, after which not only has white defended well but is also better
which play on the kingside.} (27... a4 28. Rxa4) 28. Ra4 $4 $138 {Blunder. Qg5
was best. Too slow! Black now has the counterplay he needs in order to keep
white in his feet. My opponent also has less than 5 minutes now on the clock.
That, plus facing a attack will not be fun for him soon.} (28. Qg5) 28... fxe4
$1 29. fxe4 Rf8 $1 $132 {Here it comes. White needs to play VERY accurately
with less than 5 min on the clock to survive this.} 30. Rxf8+ $6 {Inaccuracy.
Rf2 was best. Aaaaand this move just helps black. As I wanted to give up the
a5 pawn and control the f-file anyways. White's extra pawns on the queenside
won't help him here.} (30. Rf2 Rxf2 31. Nxf2 Rf8 32. b4 axb4 $15) 30... Rxf8
$40 31. Qe2 {White tries to defend but his passive Rook on a4 won't be helping
out anytime soon.} (31. Nf2 $17) 31... h4 32. Nf2 Qe7 33. Rxa5 $4 $19 {Blunder.
Nh3 was best. Oh no my a5 pawn!} (33. Nh3 Qd8) 33... Qg5 {It's VERY important
here to play Qg5 right away because if:} (33... hxg3 $2 34. hxg3 Qg5 35. Kh2 $1
Qe3 36. Qxe3 dxe3 37. Nd3 Rd8 $17 {Black is still better here but this isn't
as strong as what happened in the game.}) 34. Qc4+ {My opponent played these
next two moves instantly despite still having around 4 minutes on the clock.
Yet these just allow black to win immediately.} Kh7 35. Qe6 $2 Qe3 {0-1 Black
wins. Lights out Uncle Vik.} 0-1